Demon slayer characters A-Z - Statistics

General Stats
  • This quiz has been taken 103 times
  • The average score is 12 of 18
Answer Stats
letter Answer % Correct
T Tanjiro/tengen/tamayo/tanjuro/takeo/tecchin/tojuro/toko/tenma
95%
M Muzan/muichiro/mitsuri/murata/makio/mukago/makomo
94%
Z Zenitsu
89%
A Akaza/Aoi/amane/aoba
86%
G Giyu/genya/gyomei/gyokko/gyutaro/giichi
84%
K Kanao/kyojuro/kanae/kaigaku/kiyo/kie/kyogai/kozo/kokushibo/kamanue/kotetsu/kagaya/kiriya/kuina/ kanata
83%
S Shinobu/sanemi/sakonji/suma/sumi/shigeru/sumiyoshi/susamaru/senjuro/shinjuro/sumihiko/sabito/saburo
83%
D Doma/daki
80%
I Inosuke
75%
N Nezuko/naho/nakime/nichika
75%
O Obanai
66%
H Hinatsuru/hanako/hantengu/hotaru/hinaki
58%
Y Yoriichi/yuichiro/yushiro/yahaba/yoshiteru
48%
R Rokuta/rokuro/rui/ruka
42%
E Enmu
39%
C Chachamaru/chuntaro
27%
J Jigoro/jiro
23%
W Wakuraba
14%
No matching quizzes found
Score Distribution
Percent of People with Each Score
Percentile by Number Answered
Your Score History
You have not taken this quiz